01962cam a22005174i 4500003000900000005001700009008004100026020001500067035002700082040003300109049000900142082002600151100002800177245005700205264004400262300003800306336002100344337002500365338002300390504003900413505010800452526001000560526001000570526001000580526001000590526000800600526000800608526000800616526000800624526000800632526000800640526000800648600002600656610006500682650004500747650004500792650004700837910001800884942001400902949013300916994001401049596000601063999015901069980005501228952016101283PE-LiUPU20250731173522.0150616s r 000 0 d a0882433296 a(Sirsi) i9780882433295 aPE-LiUPUbspacPE-LiUPUerda aPRUA04a289.94095195bH962211 aHurston, Karen,eautor.10aGrowing the world's largest church /cKaren Hurston. 1aSpringfield, Missouri :bChrism,c1994. a223 páginas ;c21 centímetros atext2rdacontent aunmediated2rdamedia avolume2rdacarrier aBibliografía: páginas 211-223.0 aThe early years.- The ministry of prayer.- International prayer mountain.- The ministry of laylearders. aSEG42 aSEG41 aSEG40 aSEG39 aP94 aP87 aP86 aP85 aP77 aP76 aP351 aCho, Yong-gi,d1936 -2 aIglesias PentecostaleszCorea (del Sur)xHistoriaySiglo XX.04aCoreaxHistoria de la IglesiaySiglo XX.04aCrecimiento de iglesiazCorea (del Sur).04aYouido dom Pogüm Kyohoe (Seúl, Corea). ajckbjvqcjck 2ddccBOOK a289.94095195 H96wDEWEYc1i41974lCCODEBUL1mBULr0sYtBOOKu2015-6-16xTEOLOGIAzUNKNOWN0COMPRAo.STAFF. Colección General aC0bPEPRU a1 a289.94095195 H96wDEWEYc59720i41974f2021-11-11g5lCCODEBUL1mBULr0sYtBOOKu2015-6-16xTEOLOGIAzUNKNOWN0COMPRAo.STAFF. Colección Generald59720 81gALBERTO SANCHEZ Responsable de Automatización r2025-12-02 00:00:00i6l0o289.94095195 H96p41974te1w2015-06-16xPGyBKzinventario-2023-12-13102ddc50708GENfP94aBULbBULcGENd2015-06-16eCOMPRA